000 00274nam a22001097a 4500
082 _a080/CAR
100 _aCarnegie, Dale
_982827
245 _aHOW TO STOP WORRYING AND START LIVING
260 _aMumbai
_bJaico Publishing House
_c2023
650 _aMOTIVATIONAL
942 _cBK
999 _c67660
_d67660